000 00597nam a2200205Ia 4500
005 20250923150059.0
008 008 250917s9999 xx 000 0 eng d
037 _aTextual
040 _aDSWL
_beng
_cDSWL
041 _aeng
_2eng
084 _aY5927:434.231, N96
_qDSWL
100 _aDewit, Joop W
_9841994
245 0 _aPoerty, policy and politics in Madras slulms
_c by Joop W Dewit
260 _aNew Delhi
_b Sage Publications
_c1996
300 _a305p.
365 _aINR
_b450
925 _g450
942 _cTEXL
_hY5927:434.231, N96
999 _c1459325
_d1459325